00293nam a2200097Ia 4500008004100000100002600041245003900067260005800106650001200164999001900176160725s9999 xx 000 0 und d aJimenez, Ana Maria Y. aCurriculum design and development. bKaizen Research Journal College of NursingcJune 2013 aNURSING c298024d298024